000 00860nam a22002417a 4500
999 _c5225
_d5225
003 AR-CdUCM
008 190312b ||||| |||| 00| 0 spa d
040 _aMUNICIPALIDAD PROVINCIAL DEL CUSCO
_cBIBLIOTECA MUNICIPAL DEL CUSCO
082 _a373 /
_bB641
100 _aBlanco, Jose Maria
_915836
245 _aDesarrollo pedagógico práctico :
_bpara grados superiores /
260 _aBuenos Aires :
_bRuy Diaz,
300 _a245 páginas ;
_c23 cm.
440 _n7
_915837
505 _aLa ciencia es una linea de descubrimiento -- La energía -- Líquidos en equilibrio -- El aire -- La luz y la visión -- La electricidad - Los sistemas y los materiales...
650 _aEducación.
_9460
650 _aLuz.
_915838
650 _aAire.
_915839
650 _aElectricidad.
_915840
650 _aEnergía.
_915841
942 _2ddc
_cLIBROS
945 _awfj